000 01277nam a2200337 i 4500
001 000029938
003 DO-SdBNP
005 20250205100628.0
007 ta
008 110427s2000 dr 000 0 spa d
020 _z9592093407
040 _aDO-SdBNP
_bspa
_cBNPHU
_erda
041 _hspa
082 4 _axxx
_bN964c
_222
245 0 0 _aLos nuevos caníbales :
_bantología de la más reciente cuentística del Caribe Hispano /
_cMarilyn Bobes, Pedro Antonio Valdéz, Carlos R. Gómez Beras, antólogas ; edición Olga Marta Pérez y Ena Lucía Portela.
264 _aCiudad de la Habana, Cuba :
_bEdiciones Unión,
_c2000.
300 _a331 páginas ;
_c22 cm.
336 _ardacontent
_btexto
_2txt
337 _ardamedia
_bsin mediación
_2n
338 _ardacarrier
_bvolumen
_2nc
500 _aIncluye referencias bibliográficas y notas al pie de las páginas.
500 _aIncluye datos biográficos de los autores.
590 _aInventariado, 2025/DG
700 1 _aBobes León, Marilyn,
_d1955-
_922508
700 1 _aValdez, Pedro Antonio,
_d1968-
_922509
700 1 _aGómez Beras, Carlos R.
_956681
700 1 _aPérez, Olga Marta,
_d1952-
_eedición
_956682
700 1 _aPortela, Ena Lucía,
_d1972-
_eedición
_956683
910 _aDG
942 _2ddc
_cLBS1
999 _c29430
_d29430